TV Taglines Quiz Stats

 Plays Quiz Updated Sep 21, 2018

Score 0/22 Timer 05:00
2 Plays Today
Tagline Show % Correct
A comedy for anyone whose boss is an idiot. The Office
79.8%
In every generation there is one Chosen One. She is the Slayer.Buffy the Vampire Slayer
79.3%
Two adults. One kid. No grown-ups.Two and a Half Men
79.1%
They're not the survivors they think they are. Lost
72.6%
America's favorite serial killer. Dexter
69.8%
Secrets. Romance. Murder. All on one street. Desperate Housewives
66.9%
Putting the herb in suburb.Weeds
59.9%
The truth is out there. The X-Files
59.6%
The dead are talking and she is listening.Ghost Whisperer
57%
Be groovy. Be very groovy.That 70's Show
56.9%
Escape is Just the Beginning.Prison Break
52.3%
Tagline Show % Correct
Computer geek by day, Government operative by night.Chuck
47.4%
As addictive as vicodin.House M.D.
46%
Karma is a funny thing. My Name is Earl
42.5%
Every day above ground is a good one.Six Feet Under
39.9%
Solving murders takes chemistry. Bones
39.5%
Freakin' sweet.Family Guy
29.5%
Life. Death. And life again. Pushing Daisies
28%
If one family doesn't kill him... the other one will. The Sopranos
21.9%
It's where all the beautiful people liveThe O.C.
18.9%
When news breaks, we fix it.The Daily Show
17.3%
Obsession can change the world.The Tudors
2.2%

You're not logged in!

Compare scores with friends on all Sporcle quizzes.
OR
Log In

Sporcle TV

Today on Sporcle TV


Watch our educational content, quiz creation guides, and fun videos on Sporcle TV.

Show Comments

Extras

Top Quizzes Today


Score Distribution

Your Account Isn't Verified!

In order to create a playlist on Sporcle, you need to verify the email address you used during registration. Go to your Sporcle Settings to finish the process.

Report this User

Report this user for behavior that violates our Community Guidelines.

Details: